Statistiques concernant Filmographie de Michel Blanc

Cliquez ici pour prendre le quiz!

Statistiques générales

  • Ce quiz a été pris 11 fois
  • Le résultat moyen est 11 sur 76

Statistiques - réponses

Réponse% Correct
Les Bronzés
100%
Les Bronzés font du ski
100%
Le père Noël est une ordure
89%
Marche à l'ombre
89%
Viens chez moi; j'habite chez une copine
78%
Je vous trouve très beau
67%
Papy fait de la résistance
67%
Tenue de soirée
67%
Grosse Fatigue
56%
Les Bronzés 3 : Amis pour la vie
56%
Monsieur Hire
44%
Les Témoins
33%
Docteur ?
22%
Embrassez qui vous voudrez
22%
Les Nouvelles Aventures d'Aladin
22%
Les Petites VIctoires
22%
Les Tuche 4
22%
L'Exercice de l'État
22%
Vous n'aurez pas l'Alsace et la Lorraine
22%
La Meilleure Façon de marcher
11%
Les Cadors
11%
Les Fugitifs
11%
Les Secrets professionnels du docteur Apfelglück
11%
Ma femme s'appelle reviens
11%
Marie-Line et son juge
11%
Merci la vie
11%
Prêt-à-porter
11%
Que la fête commence
11%
Raid dingue
11%
Sans peur et sans reproche
11%
Une nuit à l'Assemblée nationale
11%
Uranus
11%
Attention les yeux !
0%
Cause toujours... tu m'intéresses !
0%
Chambre à part
0%
Chaussette surprise
0%
Circulez y'a rien à voir
0%
Demi-soeur
0%
Des enfants gâtés
0%
Drôle de samedi
0%
Et soudain, tout le monde me manque
0%
Je hais les acteurs
0%
Je t'aime moi non plus
0%
L'Adolescente
0%
La Fille du RER
0%
La Gueule de l'autre
0%
La Tortue sur le dos
0%
Le beaujolais nouveau est arrivé
0%
Le Bol d'air
0%
Le Cheval d'orgueil
0%
Le Deuxième Souffle
0%
Le Diable dans la boîte
0%
Le Locataire
0%
Le Monstre
0%
Le Point de mire
0%
Les Filles de Malemort
0%
Les Grands Ducs
0%
Les héros n'ont pas froid aux oreilles
0%
Les Recettes du bonheur
0%
Les Souvenirs
0%
L'Ordinateur des pompes funèbres
0%
Lz Montre, La Croix et la Manière
0%
Madame Édouard
0%
Musée haut, musée bas
0%
Nemo
0%
Nos 18 ans
0%
On aura tout vu
0%
Pierrot mon ami
0%
Prospero's Books
0%
Retenez moi... ou je fais un malheur !
0%
Rien ne va plus
0%
Strike It Rich
0%
Toxic Affair
0%
Une petite zone de turbulences
0%
Un petit boulot
0%
Voyez comme on danse
0%

Distribution des résultats

Percentile par nombre de réponses

% des personnes avec chaque résultat

Votre développement - résultats

Vous n’avez pas pris ce quiz